000 00691nam a2200217 a 4500
001 000023839
005 20200930022515.0
008 110114s1985 dr ab 000 0 eng d
040 _aDO-SdBNP
_bspa
_cBNPHU
082 _a972.93
_bR776d
100 1 _aRood, Carlton Alexander
_949051
245 1 0 _aA dominican chronicle /
_cCarlton Alexander Rood.
246 2 3 _aHistory of Hispaniola/Dominican Republic
260 _aSanto Domingo :
_bCorripio,
_c1985.
300 _a210 p. :
_bil. ; mapa.
504 _aBibliografía: p. 205-206.
546 _aInglés
590 _aInventariado, 2020/BT
651 4 _aRepública Dominicana
_xHistoria
_9170
910 _aValidado. Control de calidad EMS.
999 _c23335
_d23335